Star Wars: The Clone Wars Characters - Statistics

General Stats
  • This quiz has been taken 264 times
    253 since last reset
  • The average score is 37 of 50
Answer Stats
Hint Answer % Correct
#2 General of the 212nd Obi-Wan Kenobi
98%
#4 Captain of the 501th Rex
98%
#1 Small Jedi Yoda
98%
#5 Padawan of #3 Ahsoka Tano
96%
#3 General of the 501th Anakin Skywalker
96%
#7 Commander of the 212nd Cody
96%
#9 Chancellor Supreme Sheev Palpatine
94%
#8 Black Jedi master Mace Windu
93%
#33 Sith with weird makeup Darth Maul
89%
#25 Senator from Naboo Padme Amidala
89%
#22 Leader of the CIS Count Dooku
88%
#16 Droid duo R2D2
87%
#23 Assassin's of #22 Asajj Ventress
86%
#17 Droid duo C3PO
86%
#34 Brother of #33 Savage Opress
86%
#15 Jedi with a breathing mask Plo Koon
85%
#42 Blue skinned bounty hunter Cad Bane
84%
#29 Domino Squad member Fives
84%
#26 Gungun Representant Jar Jar Binks
84%
#12 Amphibian Jedi Kit Fisto
84%
#30 Domino Squad member Echo
83%
#13 Jedi with a large head Ki-Adi Mundi
82%
#14 Green Female Jedi Luminara Unduli
81%
#27 Mandalore Duchess Satine Kryze
81%
#10 Twi'lek Jedi Aayla Secura
79%
#19 CIS General General Grievous
79%
#24 Malicious Pirate Hondo
78%
#44 Senator of Alderaan Bail Organa
77%
#18 Padawan of #14 Barriss Offee
77%
#11 Jedi who trained the clones Shaak Ti
77%
#41 Female member of the Death Watch Bo-Katan Kryze
73%
#6 Anakin's admiral Admiral Yularen
71%
#49 Purple Hutt Ziro
71%
#28 Domino Squad member Hevy
66%
#38 Geonosian separatist Poggle The Lesser
63%
#39 Malastare Beast Zillo Beast
63%
#35 Two clones "Brothers" with a Twi'lek Boil
60%
#46 Dathomirian witch Talzin
59%
#36 Two clones "Brothers" with a Twi'lek Waxer
59%
#43 Bounty hunter with a hat Embo
57%
#37 Leader of the Death Watch Pre Vizsla
57%
#45 Jedi librarian Jocasta Nu
54%
#32 Domino Squad member Cutup
53%
#20 CIS Admiral Trench
53%
#21 Foreman of the Techno Union Wat Tambor
52%
#31 Domino Squad member Droidbait
50%
#50 Separatist friend of #5 Lux Bonteri
47%
#40 Prime Minister of Mandalore Almec
40%
#48 Senator old friend of #25 Rush Clovis
32%
#47 Neimoidian Separatist Lott Dod
16%
No matching quizzes found
Score Distribution
Percent of People with Each Score
Percentile by Number Answered
Your Score History
You have not taken this quiz since the last reset